000 00526pab a2200193 454500
008 180718b2017 xxu||||| |||| 00| 0 eng d
100 _aStreet, Alex
245 _aPolitical effects of having undocumented parents
260 _c2017
300 _ap.818-832.
362 _aDec
650 _aPolitical participation
650 _aCitizenship
650 _aImmigration and Emmigration
700 _aZepeda-Millan, Chris
700 _aJones-Correa, Michael
773 _aPolitical Research Quarterly
909 _a116868
999 _c116862
_d116862